000 00618nam a2200181Ia 4500
005 20250508164701.0
008 008 250505s9999 xx 000 0 eng d
020 _a81-902282-3-4
037 _aTextual
040 _aFEDL
_beng
_cFEDL
041 _aeng
_2eng
084 _a330.954, CAM
_qFEDL
245 0 _aCambridge economic history of India. 2 Vol.
260 _aNew Delhi, India
_bOrient Longman
546 _aV.1.c.1200 - c.1750. Ed by Tapan Raychaudhuri. Rs. 310/-.543 p.; V.2.c.1757 - 2003. Ed by Dharma Kumar. Rs.545/-. 1115 p.
942 _cTEXL
_h330.954, CAM
999 _c1390532
_d1390532